Bolivia FIFA World Cup Players - Statistics

General Stats
  • This quiz has been taken 5 times
  • The average score is 17 of 41
Answer Stats
La Verde % Correct
Erwin Sánchez
100%
Marco Etcheverry
80%
Antonio Valencia
60%
Jaime Moreno
60%
Alberto Acha
40%
Álvaro Peña
40%
Antonio Grecco
40%
Benjamino Maldonado
40%
Carlos Borja
40%
Carlos Trucco
40%
Casiano Chavarría
40%
Diógenes Lara
40%
Eduardo Reyes Ortiz
40%
Gumersindo Gómez
40%
Gustavo Quinteros
40%
Jesús Bermúdez
40%
Jorge Valderrama
40%
José Bustamante
40%
José Milton Melgar
40%
Juan Argote
40%
Juan Manuel Peña
40%
Julio César Baldivieso
40%
Luis Cristaldo
40%
Marco Sandy
40%
Mario Alborta
40%
Mauricio Ramos
40%
Miguel Rimba
40%
Modesto Soruco
40%
Rafael Méndez
40%
Ramiro Castillo
40%
Renato Sáinz
40%
René Fernández
40%
Segundo Durandal
40%
Victor Agustin Ugarte
40%
Vladimir Soria
40%
William Ramallo
40%
Benigno Gutierrez
20%
Eduardo Gutierrez
20%
Leonardo Ferrel
20%
Roberto Caparelli
20%
Victor Celestino Algarnaraz
20%
No matching quizzes found
Score Distribution
Percent of People with Each Score
Percentile by Number Answered
Your Score History
You have not taken this quiz